000 00311nam a2200121 a 4500
008 020926s1985||||xx 0 und c
040 _aSNK
_bslo
_cSNK
_eAACR2
245 1 0 _aRusko - slovenský a slovensko - ruský slovník
260 _aBratislava
_bSPN
_c1985
020 _c32
041 _aslo
044 _axo
_cSK
999 _c19201
_d19201